00434 2200181 4500001002100000005001500021008004100036020002200077035001900099041000700118082001100125090001700136100001500153245002800168260002400196300002000220650001200240INLIS00000000001271220241224114422241224||||||||| | ||| |||| || |  a978-979-054-354-6 0010-1224012712 aid0 a398.91 a398.91 ADE u0 aAde Husnul00aUngkapan dan Peribahasa aBogorbQuadrac2010 a58hlm;17,5x25cm 0afolklor